01206nam a2200253 i 450000100060000000300090000600500170001500700030003200800410003501600160007602000180009204000200011008000200013011100820015024503190023226000640055130000210061549000450063665100870068171000660076871000400083483000450087485200330091912676ES-MaACL20250830193304.0t|921013s1991 sp ||||0| spa d7 zSIC92007447 a84-7844-072-0 aSIC bspa cSIC a930.85(8=6:460)2 aEncuentro Internacional Quinto Centenario (d1990. cSan Juan de Puerto Rico)10aImpacto y futuro de la civilización española en el Nuevo Mundo b: actas del Encuentro Internacional Quinto Centenario, Décima Asamblea General de la Asociación de Licenciados y Doctores Españoles en Estados Unidos, San Juan de Puerto Rico, 17-22 de abril de 1990 = Spanish Professionals in America, Inc. aMadrid : bSociedad Estatal Quinto Centenario, cD.L. 1991. a660 p ; c24 cm.1 aColección Encuentros. Serie seminarios aAmérica Latina-xCivilización-xInfluencia española-vCongresos y asambleas.2 aAsociación de Licenciados y Doctores Españoles en EE.UU. 2 aSociedad Estatal Quinto Centenario.0 aColección Encuentros. Serie seminarios aES-MaACLjL-20018 bR.121707